000
00266nam a22001217a 4500
008
181106b xxu||||| |||| 00| 0 eng d
041
_a
eng
080
_2
5 TH
_a
510
100
_a
36
101
_a
MAT
245
_a
Introductory Algebra
_c
Aala,S.T
942
_2
udc
_c
BK
999
_c
51967
_d
51967